| 000 | 00543nam a22001817a 4500 | ||
|---|---|---|---|
| 005 | 20250317160626.0 | ||
| 008 | 250317b |||||||| |||| 00| 0 eng d | ||
| 020 | _a9780495092964 | ||
| 050 |
_aHM586 _b.A53 AND |
||
| 100 | _aAndersen Margaret L. | ||
| 245 |
_aSociology: _bThe essentials/ _cMargaret L. Anderson & Howard F. Taylor |
||
| 250 | _a4th Ed. | ||
| 260 |
_aAustralia _bThomson Wadsworth _c2007 |
||
| 300 |
_axxxi. 520p. _bill. (some col.) _c22 cm |
||
| 650 | _2Sociology | ||
| 700 | _aTaylor Howard F. | ||
| 942 |
_2lcc _cBK _e4th Ed. _n0 |
||
| 999 |
_c4883 _d4883 |
||